Statistics of fatal injuries (Record no. 105747)

MARC details
000 -LEADER
fixed length control field 01433cam a2200217 4500
001 - CONTROL NUMBER
control field ##L134614
008 - FIXED-LENGTH DATA ELEMENTS--GENERAL INFORMATION
fixed length control field 060818n2006 000 0 eng u
035 ## - SYSTEM CONTROL NUMBER
System control number (Sirsi) u134614
041 0# - LANGUAGE CODE
Language code of text/sound track or separate title eng
050 04 - LIBRARY OF CONGRESS CALL NUMBER
Classification number 312.273 $2 18
110 1# - MAIN ENTRY--CORPORATE NAME
Corporate name or jurisdiction name as entry element Great Britain
Subordinate unit Health and Safety Commission
245 00 - TITLE STATEMENT
Title Statistics of fatal injuries
Remainder of title 2005-06
260 ## - PUBLICATION, DISTRIBUTION, ETC.
Place of publication, distribution, etc. Sudbury
Name of publisher, distributor, etc. Health and Safety Executive
Date of publication, distribution, etc. 2006
520 ## - SUMMARY, ETC.
Summary, etc. Contains the latest detailed statistics on fatal injuries in the workplace in 2005-06. Reveals that two industries, construction and agriculture, forestry and fisheries, accounted for 43% of the 212 fatal injuries in that period. There were 59 fatal injuries in the construction industry, compared to 69 in the previous year, a reduction of 14%. The rate of fatal injury to construction workers fell to its lowest level on record, to 3.0 per 100 000 workers, from 3.5 the previous year. Falling from height continues to be the most common kind of accident, although at 46 this is also now the lowest on record. The rate of fatal injury to British workers is the lowest of all EU member states. Contains graphs, bar charts and tables.
590 ## - LOCAL NOTE (RLIN)
Local note IKA220806
651 #4 - SUBJECT ADDED ENTRY--GEOGRAPHIC NAME
Geographic name GREAT BRITAIN
690 ## - LOCAL SUBJECT ADDED ENTRY--TOPICAL TERM (OCLC, RLIN)
Topical term or geographic name as entry element Health and safety
9 (RLIN) 6244
710 1# - ADDED ENTRY--CORPORATE NAME
Corporate name or jurisdiction name as entry element United Kingdom
Subordinate unit Office of National Statistics
9 (RLIN) 2035
856 40 - ELECTRONIC LOCATION AND ACCESS
Uniform Resource Identifier <a href="https://www.hse.gov.uk/statistics/overpic.htm">https://www.hse.gov.uk/statistics/overpic.htm</a>
Public note View the item free of charge at www.hse.gov.uk/...
942 ## - ADDED ENTRY ELEMENTS (KOHA)
Suppress in OPAC 0
Holdings
Withdrawn status Lost status Source of classification or shelving scheme Damaged status Not for loan Home library Current library Shelving location Date acquired Total Checkouts Full call number Barcode Date last seen Copy number Price effective from Koha item type
    Dewey Decimal Classification     Virtual Virtual Online 18/08/2006   ONLINE PUBLICATION 134614-1001 06/08/2019 1 06/08/2019 Book